Η νέα ελληνική γλώσσα : περιγραφή και ανάλυση

Αποθηκεύτηκε σε:
Λεπτομέρειες βιβλιογραφικής εγγραφής
Κύριος συγγραφέας: Mirambel, André, 1900-1970
Άλλοι συγγραφείς: Καρατζάς, Σταμάτης Κ., 1913-1986 (Μεταφραστής)
Μορφή: Βιβλίο
Γλώσσα:Greek
French
Δημοσίευση: Θεσσαλονίκη : Αριστοτέλειο Πανεπιστήμιο Θεσσαλονίκης, 1978.
Θέματα:
Ετικέτες: Προσθήκη ετικέτας
Δεν υπάρχουν, Καταχωρήστε ετικέτα πρώτοι!

MARC

LEADER 00000cam a2200000 i 4500
001 1/99603
008 950403s1978 gr | ||| |||| ||gre||
035 |l 10011371 
040 |a GR-MyUA  |b gre  |e AACR2 
041 1 |a gre  |h fre 
082 0 |a 489.3 
100 1 |a Mirambel, André,   |d 1900-1970. 
245 1 2 |a Η νέα ελληνική γλώσσα :   |b περιγραφή και ανάλυση /   |c Αndre Mirambel ; μετάφραση Σταμ. Κ. Καρατζά.  
260 |a Θεσσαλονίκη :   |b Αριστοτέλειο Πανεπιστήμιο Θεσσαλονίκης,   |c 1978.  
300 |a 402 σ.  
500 |a Τίτλος πρωτοτύπου: La langue grecque moderne: description et analyse.  
650 0 0 |a Greek language, Modern. 
700 1 |a Καρατζάς, Σταμάτης Κ.,   |d 1913-1986,  |e trl 
852 |a INST  |b LESVOS  |e 19950403  |h 489.3 MIR  |p 005100001865  |q 005100001865  |t BK  |y 0 
909 |a Λ  |b 036931 
922 |a 1ΔΩΡ  |b 199411  |c ΤΚΑ